000 00489cam a2200193 4500
001 B1752
008 090401t1980 xxu||||| |||| 00| 0 eng d
035 _a(Sirsi) u46227
041 _aeng
050 _a333.3370942819
110 _aSt.Quintin
245 2 _aA report on the Leeds office and industrial property market. - April 1980
260 _aLeeds
_bSt. Quintin
_c1980
300 _a20p. : ill. ; 30cm.
350 _a0
650 _aOFFICES
942 _n0
948 _c04/03/1997
999 _c91892
_d91892